书目信息 |
| 题名: |
国学旅游
|
|
| 作者: | 杨力民 著 | |
| 分册: | ||
| 出版信息: | 北京 中国旅游出版社 2012 |
|
| 页数: | 275页 | |
| 开本: | 23cm | |
| 丛书名: | ||
| 单 册: | ||
| 中图分类: | F590 , K203 | |
| 科图分类: | ||
| 主题词: | 中华文化 , 旅游文化 , 中华文化--关系--旅游文化--研究 | |
| 电子资源: | ||
| ISBN: | 978-7-5032-4430-8 | |
| 000 | 01066nam0 2200277 45 | |
| 001 | 1355685514 | |
| 005 | 20130515145321.90 | |
| 010 | @a978-7-5032-4430-8@dCNY35.00 | |
| 100 | @a20130108d2012 em y0chiy50 ea | |
| 101 | 0 | @achi |
| 102 | @aCN@b110000 | |
| 105 | @ay z 000yy | |
| 106 | @ar | |
| 200 | 1 | @a国学旅游@AGuo Xue Lu^ You@e中国传统文化与旅游@EZhong Guo Chuan Tong Wen Hua Yu Lu^ You@f杨力民著@FYang Li Min Zhu |
| 210 | @a北京@c中国旅游出版社@d2012 | |
| 215 | @a275页@d23cm | |
| 330 | @a本书将中国传统文化与旅游开发有机地结合在一起,不仅丰富了旅游的内涵,而且使中华文化的传播有了更加自然、更易于为现代人接受的新方式;书中结合作者实践中对于旅游景点设计的案例,进一步从理论和实践不同层次阐述了中国传统文化与旅游的关系。 | |
| 517 | 1 | @a中国传统文化与旅游@AZhong Guo Chuan Tong Wen Hua Yu Lu^ You |
| 606 | 0 | @a中华文化 |
| 606 | 0 | @a旅游文化 |
| 606 | 0 | @a中华文化@x关系@x旅游文化@x研究 |
| 690 | @aF590@v5 | |
| 690 | @aK203@v5 | |
| 701 | 0 | @a杨力民@AYang Li Min@g(旅游@4著 |
| 801 | @aCN@bTANGWEI@c20130112 | |
| 905 | @b0831527-31@dF590@e353@f5 | |
| 国学旅游:中国传统文化与旅游/杨力民著.-北京:中国旅游出版社,2012 |
| 275页;23cm |
| ISBN 978-7-5032-4430-8:CNY35.00 |
| 本书将中国传统文化与旅游开发有机地结合在一起,不仅丰富了旅游的内涵,而且使中华文化的传播有了更加自然、更易于为现代人接受的新方式;书中结合作者实践中对于旅游景点设计的案例,进一步从理论和实践不同层次阐述了中国传统文化与旅游的关系。 |
| ● |
| 相关链接 |
|
|
|
|
正题名:国学旅游
索取号:F590/353
 
预约/预借
| 序号 | 登录号 | 条形码 | 馆藏地/架位号 | 状态 | 备注 |
| 1 | 0831527 | 208315278 | 第一样本阅览室/ [索取号:F590/353] | 在馆 | |
| 2 | 0831528 | 208315287 | 密集书库-资源管理系/ [索取号:F590/353] | 在馆 | |
| 3 | 0831529 | 208315296 | 第一借阅区/ [索取号:F590/353] | 在馆 | |
| 4 | 0831530 | 208315303 | 第一借阅区/ [索取号:F590/353] | 在馆 | |
| 5 | 0831531 | 208315312 | 第一借阅区/ [索取号:F590/353] | 在馆 |